| 000 | 01800nam a2200445Ia 4500 | ||
|---|---|---|---|
| 001 | dia_5697 | ||
| 003 | CHAP | ||
| 005 | 20250730131648.0 | ||
| 007 | ta | ||
| 008 | 220117s2007 mx abdefr 001 0 spa d | ||
| 040 |
_cCHAP _amxchpua |
||
| 090 |
_aT.C.444 _bL49 EIUPA _c2007 |
||
| 245 | 1 | 0 |
_aBodega Santo Tomás, S. A. de C. V., Ensenada, Baja California / _ccoordinadores Gabriel Leyva Ruelas y Marco Vinicio Bañuelos Gudiño ; colaboradores Gisela Cruz Calderón...[et al.] |
| 260 |
_aMéxico : _bEl autor, _c2007 |
||
| 300 |
_a51 hojas : _bilustraciones, mapas, gráficas, diagramas, tablas, fotos, planos |
||
| 336 |
_2rdacontent _atexto _btxt |
||
| 337 |
_2rdamedia _asin medio _bn |
||
| 338 |
_2rdacarrier _avolumen _bnc |
||
| 500 | _a7° año Grupo 2 | ||
| 502 |
_aViaje de Estudios _b(EIUPA) -- _cUACh. Departamento de Ingeniería Agroindustrial, _d2007 |
||
| 504 | _aBibliografía: hoja 50 | ||
| 505 | _a3 planos -- 1. Plano de distribución en planta (Esc. 1:400) -- 2. Plano de distribución en planta 2 (Esc. 1:400) -- 3. Plano de distribución de equipo (Esc. 1: 400) | ||
| 650 | 1 | 0 |
_aIndustria del vino _zMéxico _zBaja California _9152310 |
| 650 | 1 | 3 |
_aVinificación _9151244 |
| 650 | 1 | 3 |
_aVino _9119855 |
| 650 | 1 | 3 |
_aWine _9154238 |
| 650 | 1 | 0 |
_aWine industry _zMexico _zBaja California Norte _9154154 |
| 650 | 1 | 3 |
_aWinemaking _9151246 |
| 700 | 1 |
_aBañuelos Gudiño, Mario Marco Vinicio _9156618 _ecoordinador |
|
| 700 | 1 |
_aLeyva Ruelas, Gabriel _9152794 _ecoordinador |
|
| 700 | 1 |
_aCruz Calderón, Gisela _9159057 _ecolaborador |
|
| 901 | _aT.C.444 L49 EIUPA 2007 | ||
| 902 | _aM | ||
| 905 | _a5232272007 mx ednm8223123322spa16 | ||
| 942 | _2local | ||
| 942 | _cVE | ||
| 999 |
_c176537 _d176537 |
||